000
00337nam a2200145Ia 4500
003
OSt
005
20240301112517.0
008
170524s9999 xx 000 0 und d
020
_a
978-8184110968
040
_c
iimtu meerut
100
_a
RAJSEKAR- T
245
0
_a
JOURNALISM ADMINISTRATION
260
_b
N DELHI SONALI
942
_2
ddc
_c
02
999
_c
9304
_d
9304